Paroles: J'te retiens pas - Roxane Bruneau - Statistiques

Statistiques générales
  • Ce quiz a été pris 9 fois
    6 depuis la dernière actualisation
  • Le résultat moyen est 149 sur 311
Statistiques - réponses
Réponse % Correct
A
100%
à
100%
J'
100%
j'
100%
t'
100%
appartement
67%
je
67%
l'
67%
la
67%
67%
le
67%
pas
67%
r'
67%
retiens
67%
s'
67%
soir
67%
te
67%
tu
67%
Tu
67%
aimer
33%
aimerais
33%
appels
33%
assez
33%
attendre
33%
attends
33%
beaucoup
33%
bon
33%
c'
33%
capable
33%
ce
33%
cendres
33%
comme
33%
Comme
33%
compte
33%
contre-sens
33%
corps
33%
croire
33%
d'
33%
De
33%
déjà
33%
des
33%
Dis-moi
33%
donnes
33%
en
33%
encore
33%
Encore
33%
ennuie
33%
ensemble
33%
espère
33%
est
33%
Et
33%
et
33%
étais
33%
être
33%
façon
33%
faire
33%
fais
33%
finit
33%
fois
33%
fort
33%
heures
33%
histoires
33%
ici
33%
ignorer
33%
iras
33%
jours
33%
laissant
33%
les
33%
lève
33%
lèvres
33%
m'
33%
Mais
33%
me
33%
Même
33%
mens
33%
mentiras
33%
moi
33%
Mon
33%
nos
33%
nouvelles
33%
on
33%
33%
Parce
33%
partes
33%
passe
33%
pendrai
33%
peur
33%
Pis
33%
pis
33%
plus
33%
pour
33%
pourquoi
33%
promis
33%
qu'
33%
Qu'
33%
quand
33%
Quand
33%
que
33%
Que
33%
Qui
33%
rejoins
33%
sais
33%
se
33%
semble
33%
séparent
33%
sert
33%
Seule
33%
si
33%
soleil
33%
suis
33%
tellement
33%
temps
33%
tes
33%
toi
33%
tremble
33%
trop
33%
vas
33%
viens
33%
Aucun quiz correspondant
Distribution des résultats
% des personnes avec chaque résultat
Percentile par nombre de réponses
Votre historique - résultats
Vous n’avez pas pris ce quiz depuis la dernière actualisation